Statistics for Boston Celtics: Retired Numbers

Click here to take the quiz!

General Stats

  • This quiz has been taken 34 times
  • The average score is 13 of 24

Answer Stats

Number Player % Correct
33Larry Bird
100%
00Robert Parish
93%
6Bill Russell
89%
34Paul Pierce
89%
32Kevin McHale
85%
17John Havlicek
81%
14Bob Cousy
74%
3Dennis Johnson
70%
24Sam Jones
67%
25K.C. Jones
67%
18Dave Cowens
67%
10Jo Jo White
59%
15Tom Heinsohn
52%
35Reggie Lewis
52%
2Red Auerbach
48%
31Cedric Maxwell
41%
1Walter Brown
37%
21Bill Sharman
30%
19Don Nelson
22%
16Tom Sanders
22%
22Ed Macauley
19%
LoscyJim Loscutoff
19%
23Frank Ramsey
11%
MicrophoneJohnny Most
11%

Score Distribution

Percentile by Number Answered

Percent of People with Each Score

Your Score History

You have not taken this quiz